000 00355cam a22001217a 4500
008 180718b1977 xxu||||| |||| 00| 0 eng d
082 _aR112x54 D537
100 _aDholakia, Jitendra
245 _aUnemployment and employment policy in India
_cby Jitendra Dholakia
260 _aNew Delhi
_bSterling
_c1977
300 _a79p.
650 _aUnemployment - India
999 _c344187
_d344187